| 000 | 01415nam a22002177a 4500 | ||
|---|---|---|---|
| 999 |
_c59503 _d59503 |
||
| 003 | Ge_BSU | ||
| 005 | 20230301155855.0 | ||
| 008 | 230301s2000 ge ||||| |||| 00| 0 geo d | ||
| 041 | _ageo | ||
| 080 | _a321(479.22)+34(479.22)](075.3) შ-96 | ||
| 100 |
_aშუშანაშვილი, ალექსანდრე _917093 |
||
| 245 |
_aსაქართველოს სახელმწიფოსა და სამართლის საფუძვლები : _b[სახელმძღვ. ზოგადსაგანმ. სკოლის მე-9 კლასისათვის] / _c ალ. შუშანაშვილი ; რედ.: რომან შენგელია. |
||
| 250 | _aმე-3 გამოცემა. | ||
| 264 |
_aთბილისი : _bორიონი, _c2000. |
||
| 300 |
_a180 გვ. ; _b20 სმ. |
||
| 653 | _aსაქართველოს სახელმწიფოს საფუძვლები | ||
| 653 | _aსახელმძღვანელოები საშუალო სკოლებისათვის | ||
| 653 | _aქართული სამართალი -- სახელმძღვანელოები საშუალო სკოლებისათვის. | ||
| 700 |
_aშენგელია, რომან _eრედაქტორი _917094 |
||
| 942 |
_2udc _cBK |
||